Insurance and expanding systemic risks
Saved in:
| Main Author: | |
|---|---|
| Other Authors: | |
| Format: | Book |
| Language: | English |
| Published: |
Paris
OECD
2003
|
| Series: | Policy issues in insurance
no. 5 |
| Subjects: | |
| Tags: |
No Tags, Be the first to tag this record!
|
MARC
| LEADER | 00000nam$a2200000$$$4500 | ||
|---|---|---|---|
| 001 | 0018895 | ||
| 005 | 20240314085801.5 | ||
| 020 | |a 92-64-10289-2 | ||
| 041 | 0 | |a eng | |
| 044 | |a FR | ||
| 245 | 1 | 0 | |a Insurance and expanding systemic risks |c Michael G. Faure and Ton Hartlief |
| 264 | 1 | |a Paris |b OECD |c 2003 | |
| 300 | |a 260 s. | ||
| 490 | 1 | |a Policy issues in insurance |v no. 5 | |
| 830 | 0 | |a Policy issues in insurance |v no. 5 | |
| 610 | 2 | 0 | |a poistenie |
| 610 | 2 | 0 | |a riziko |
| 610 | 2 | 0 | |a poistenie rizikové |
| 610 | 2 | 0 | |a politika poistná |
| 610 | 2 | 0 | |a vláda |
| 610 | 2 | 0 | |a regulácia štátna |
| 100 | 1 | |a Faure, Michael G. | |
| 700 | 1 | |a Hartlief, Ton | |